| 000 | 00914pam a2200265 a 4500 | ||
|---|---|---|---|
| 999 |
_c2167 _d2167 |
||
| 001 | 2068582 | ||
| 003 | OSt | ||
| 005 | 20191209165125.0 | ||
| 008 | 940513s1995 enka b 001 0 eng | ||
| 010 | _a 94017769 | ||
| 020 | _a0415072085 (pbk.) | ||
| 040 |
_aDLC _cDLC _dDLC |
||
| 050 | 0 | 0 |
_aHF5657 _b.J64 1995 |
| 082 | 0 | 0 |
_a657 JON 1995 _220 |
| 100 | 1 |
_aJones, T. Colwyn. _95557 |
|
| 245 | 1 | 0 |
_aAccounting and the Enterprise: _ba social analysis |
| 260 |
_aLondon ; _aNew York : _bRoutledge, _c1995. |
||
| 300 |
_axii, 300 p. : _bill. ; _c25 cm. |
||
| 504 | _aIncludes bibliographical references (p. 271-289) and indexes. | ||
| 650 | 0 |
_aAccounting _xSocial aspects. _95558 |
|
| 650 | 0 |
_aSociology _xPhilosophy. _95559 |
|
| 906 |
_a7 _bcbc _corignew _d1 _eocip _f19 _gy-gencatlg |
||
| 942 |
_2z _cSLOAN |
||